| 000 | 00410 a2200169 4500 | ||
|---|---|---|---|
| 020 | _a9780070703742 | ||
| 022 | _a9780070703742 | ||
| 082 | _a363.7 | ||
| 090 |
_c3226 _d3226 |
||
| 100 | _aRoy,Shyamal | ||
| 245 |
_aMacroeconomic Policy Environment _cShyamal Roy |
||
| 250 | _a2nd | ||
| 260 |
_aNew Delhi _bTata McGraw Hill _c2010 |
||
| 300 | _a333p | ||
| 500 | _aPaper cover | ||
| 942 |
_aNBS _cBK _k363.7 ROY |
||
| 999 |
_c345714 _d345714 |
||